Podpora rozvoja cestovného ruchu pokračuje
Pokračovanie v podporných programoch. Zmeny v Programe podpory rozvoja cestovného ruchu. Vybrané údaje z realizácie Programu podpory rozvoja CR v SR v rokoch 1999-2002. V júni 2003 nadobudla platnosť a aj účinnosť Schéma podpory rozvoja cestovného ruchu v SR č. 6.
Salvato in:
| Autore principale: | |
|---|---|
| Natura: | Capitolo di libro |
| Lingua: | slovacco |
| Soggetti: | |
| Tags: |
Nessun Tag, puoi essere il primo ad aggiungerne!!
|
MARC
| LEADER | 00000naa$a2200000$$$4500 | ||
|---|---|---|---|
| 001 | 0002806 | ||
| 005 | 20230426122825.7 | ||
| 041 | 0 | |a slo | |
| 044 | |a SK | ||
| 245 | 1 | 0 | |a Podpora rozvoja cestovného ruchu pokračuje |c Marián Bujna |
| 520 | |a Pokračovanie v podporných programoch. Zmeny v Programe podpory rozvoja cestovného ruchu. Vybrané údaje z realizácie Programu podpory rozvoja CR v SR v rokoch 1999-2002. V júni 2003 nadobudla platnosť a aj účinnosť Schéma podpory rozvoja cestovného ruchu v SR č. 6. | ||
| 610 | 2 | 0 | |a ruch cestovný |
| 610 | 2 | 0 | |a programy rozvojové |
| 610 | 2 | 0 | |a Slovensko |
| 610 | 2 | 0 | |a podpora podnikania |
| 610 | 2 | 0 | |a projekty |
| 610 | 2 | 0 | |a Európska únia |
| 610 | 2 | 0 | |a podnikatelia |
| 610 | 2 | 0 | |a regióny |
| 100 | 1 | |a Bujna, Marián | |